| 000 | 00813nam a22001817a 4500 | ||
|---|---|---|---|
| 005 | 20210325185801.0 | ||
| 008 | s2523 th tha d | ||
| 041 | _atha | ||
| 090 | _aอศ น575อ 2523 | ||
| 245 | 1 | 0 | _aอนุสรณ์ในงานพระราชทานเพลิงศพ พันโท นายแพทย์นิตย์เวชชวิศิษฏ์ (หลวงนิตย์เวชชวิศิษฏ์) |
| 260 | 3 |
_aกรุงเทพฯ : _bไทยวัฒนาพานิช, _c2523 |
|
| 300 |
_a178 หน้า : _b 26 ซม. |
||
| 650 | 0 | 4 | _aนิตย์ เวชชวิศิษฏ์, หลวง -- ืชีวประวัติ |
| 850 | _aNALT | ||
| 942 | _cCRE | ||
| 997 | _c000000000023852 | ||
| 998 | _aSAIPHON | ||
| 999 |
_c23852 _d23852 |
||